书目信息 |
| 题名: |
全球化时代世界意识形态流派述评
|
|
| 作者: | 孟庆顺 著 | |
| 分册: | ||
| 出版信息: | 北京 人民出版社 2010 |
|
| 页数: | 405页 | |
| 开本: | 23cm | |
| 丛书名: | 《全球化时代的意识形态与价值教育》丛书 | |
| 单 册: | ||
| 中图分类: | B022 | |
| 科图分类: | ||
| 主题词: | 意识形态--哲学学派--研究--世界 , 意识形态 , 哲学学派 | |
| 电子资源: | ||
| ISBN: | 978-7-01-008705-4 | |
| 000 | 01271nam0 2200289 450 | |
| 001 | 523 | |
| 005 | 20140904155653.59 | |
| 010 | @a978-7-01-008705-4@dCNY54.00 | |
| 100 | @a20101023d2010 em y0chiy50 ea | |
| 101 | 0 | @achi |
| 102 | @aCN@b110000 | |
| 105 | @ay z 000yy | |
| 106 | @ar | |
| 200 | 1 | @a全球化时代世界意识形态流派述评@AQuan Qiu Hua Shi Dai Shi Jie Yi Shi Xing Tai Liu Pai Shu Ping@f孟庆顺等著@FMeng Qing Shun Deng Zhu |
| 210 | @a北京@c人民出版社@d2010 | |
| 215 | @a405页@d23cm | |
| 225 | 2 | @a《全球化时代的意识形态与价值教育》丛书 |
| 300 | @a中山大学“985工程”马克思主义与当代文明创新基地 “全球化时代的意识形态与价值教育”项目成果 “十一五”期间(2006-2010年)国家重点图书出版规划项目 | |
| 330 | @a本书以当代世界发展作为历史背景,既重点论述了包括马克思主义、自由主义、民主主义等在世界上影响较大的一些意识形态流派,也探讨了当代崛起的新意识形态流派,如消费主义、女权主义、生态主义、科技主义等,分析其缘起与流变,评述其现状与未来,思考其意义与启示。 | |
| 461 | 0 | @12001 @a《全球化时代的意识形态与价值教育》丛书 |
| 606 | 0 | @a意识形态@x哲学学派@x研究@y世界 |
| 606 | 0 | @a意识形态 |
| 606 | 0 | @a哲学学派 |
| 690 | @aB022@v5 | |
| 701 | 0 | @a孟庆顺@AMeng Qing Shun@f(1961~)@4著 |
| 801 | 0 | @aCN@bTANGWEI@c20140603 |
| 905 | @b0840347-49@dB022@e112@f3 | |
| 全球化时代世界意识形态流派述评/孟庆顺等著.-北京:人民出版社,2010 |
| 405页;23cm.-(《全球化时代的意识形态与价值教育》丛书) |
| 中山大学“985工程”马克思主义与当代文明创新基地 “全球化时代的意识形态与价值教育”项目成果 “十一五”期间(2006-2010年)国家重点图书出版规划项目 |
| ISBN 978-7-01-008705-4:CNY54.00 |
| 本书以当代世界发展作为历史背景,既重点论述了包括马克思主义、自由主义、民主主义等在世界上影响较大的一些意识形态流派,也探讨了当代崛起的新意识形态流派,如消费主义、女权主义、生态主义、科技主义等,分析其缘起与流变,评述其现状与未来,思考其意义与启示。 |
| ● |
| 相关链接 |
|
|
|
|
正题名:全球化时代世界意识形态流派述评
索取号:B022/112
 
预约/预借
| 序号 | 登录号 | 条形码 | 馆藏地/架位号 | 状态 | 备注 |
| 1 | 0840347 | 208403477 | 第一样本阅览室/ [索取号:B022/112] | 在馆 | |
| 2 | 0840348 | 208403486 | 第一借阅区/ [索取号:B022/112] | 在馆 | |
| 3 | 0840349 | 208403495 | 第一借阅区/ [索取号:B022/112] | 在馆 |